000 00684 a2200205 4500
010 _aENG-85810
020 _a817629909X
_c850.00
035 _aEN-69343
037 _bDBAD / PUB
082 1 4 _a302
090 _c3694
_d3694
100 1 _aPasricha, Seema
245 1 _aSocial psychology
_cby Seema Pasricha
260 _aNew Delhi
_bDeep & Deep Publications
_c2007.
270 _aF-159, Rajouri Garden,
_bNew Delhi :
_cDelhi
_e110 027
_mddpbooks@yahoo.co.in
300 _axii, 383p.
_c21cm (Hb)
500 _aIncludes bibliographical references and index
942 _adpl
_cEN
_k302 / PAS
999 _c3617
_d3617